| 000 | 005300000a22001930004500 | ||
|---|---|---|---|
| 003 | LSTLib | ||
| 041 | _aeng | ||
| 082 |
_a342.7 _bKET |
||
| 245 | _aHuman rights and the provision of development assistance | ||
| 250 | _a1 | ||
| 260 |
_aAhungalle _bSouth Asia An Agenda for Nineties _c1990 |
||
| 300 | _a15 | ||
| 650 |
_aindigenous ngo _95540 |
||
| 650 |
_alaw _9728 |
||
| 650 |
_amultilateral context _95541 |
||
| 650 |
_ango situation _95542 |
||
| 700 |
_aKettaneh, Gillian _95543 |
||
| 942 |
_cTB _k342.7 _mKET |
||
| 999 |
_c5331 _d5331 |
||